Regularity in semantic change
Αποθηκεύτηκε σε:
| Κύριος συγγραφέας: | |
|---|---|
| Άλλοι συγγραφείς: | |
| Μορφή: | Βιβλίο |
| Γλώσσα: | English |
| Δημοσίευση: |
Cambridge :
Cambridge University Press,
2002
|
| Σειρά: | Cambridge studies in linguistics
|
| Θέματα: | |
| Ετικέτες: |
Προσθήκη ετικέτας
Δεν υπάρχουν, Καταχωρήστε ετικέτα πρώτοι!
|
MARC
| LEADER | 00000nam a2200000 i 4500 | ||
|---|---|---|---|
| 001 | 1/78193 | ||
| 008 | 050608s2002 eng d | ||
| 020 | |a 0-52158378-0 | ||
| 035 | |l 10078440 | ||
| 040 | |a GR-MY-UA |b gre |e aacr | ||
| 041 | 0 | |a eng | |
| 082 | 0 | |a 401.43 |2 (22) | |
| 100 | 1 | |a Traugott, Elizabeth Closs. | |
| 245 | 1 | 0 | |a Regularity in semantic change / |c Elizabeth Closs Traugott, Richard B. Dasher |
| 260 | |a Cambridge : |b Cambridge University Press, |c 2002 | ||
| 300 | |a xx, 341 σ.; |c 24 εκ. | ||
| 490 | 1 | |a Cambridge studies in linguistics |v ; 96 | |
| 504 | |a Περιέχει βιβλιογραφικές παραπομπές και ευρετήριο | ||
| 650 | 0 | 0 | |a Semantics, Historical. |
| 650 | 0 | 0 | |a Grammar, Comparative and general. |
| 700 | 1 | |a Dasher, Richard B. | |
| 830 | 0 | |a Cambridge studies in linguistics | |
| 852 | |a INST |b LESVOS |e 20050608 |h 401.43 TRA |p 005100032321 |q 005100032321 |t BK |y 0 | ||
| 901 | |a BIBL1-2005-2 | ||
| 909 | |a Λ |b 118407 | ||
| 920 | |a ΕΠΕΑΕΚ ΚΟΙΝΩΝΙΚΗΣ ΑΝΘΡΩΠΟΛΟΓΙΑΣ ΚΑΙ ΙΣΤΟΡΙΑΣ |y ΛΕΣΒΟΣ |z 2005-01 | ||
| 970 | |a ΜΑΡΙΝΑΤΟΥ |b ΜΥΡΣΙΝΗ |z 2005/06/08 | ||